| 000 | 01784cam a2200265 4500500 | ||
|---|---|---|---|
| 005 | 20251228073526.0 | ||
| 041 | _afre | ||
| 042 | _adc | ||
| 100 | 1 | 0 |
_aMeyer zum Wischen, Michael _eauthor |
| 245 | 0 | 0 | _aUne écriture à dessein hors la loi : le dessin/destin des lettres et la maladie de la mort |
| 260 | _c2012. | ||
| 500 | _a60 | ||
| 520 | _aRésuméCe texte doit démontrer que La maladie de la mort de Marguerite Duras performe un processus d’écriture face à la circonstance que « l’homme et la femme sont irréconciliables », étant donné que cette incompatibilité tire son origine de l’altérité fondamentale du féminin. Le dessein de l’écrivaine Marguerite Duras était de risquer, dans le dessin de ses lettres, une ouverture de la loi vers le réel, vers un hors de la loi. Ainsi, la lettre se lie avec une « altérité […] relativement à l’ordre symbolique et phallique » (Geneviève Morel). | ||
| 520 | _aThe paper means to prove that The Malady of Death by M. Duras, faces through her writing the fact that man and woman are irreconcilable due to the fundamental alterity of women. Duras ventured in the design of her letters an opening of the law onto the real, an outlaw. Thus the letter is linked to “an alterity […] in reference to the symbolic and phallic order” (G. Morel). | ||
| 690 | _aÉcriture du réel | ||
| 690 | _aLettre | ||
| 690 | _aMarguerite Duras | ||
| 690 | _aNon-rapport sexuel | ||
| 690 | _aAbsence of sexual relationship | ||
| 690 | _aLetter | ||
| 690 | _aM. Duras | ||
| 690 | _aThe writing of the real | ||
| 786 | 0 | _nSavoirs et clinique | 15 | 1 | 2012-04-01 | p. 74-82 | 1634-3298 | |
| 856 | 4 | 1 | _uhttps://shs.cairn.info/revue-savoirs-et-cliniques-2012-1-page-74?lang=fr&redirect-ssocas=7080 |
| 999 |
_c1595371 _d1595371 |
||